[Event "NAYCC U14 w"]
[Site "Windsor CAN"]
[Date "2016.08.10"]
[Round "6.49"]
[White "Friedman, Gloria"]
[Black "Konovalenko, Sasha"]
[Result "0-1"]
[WhiteElo "1725"]
[BlackElo "1775"]
[PlyCount "80"]
[EventDate "2016.08.07"]
[EventType "swiss"]
[EventRounds "9"]
[EventCountry "CAN"]

1. d4 Nf6 2. c4 c5 3. d5 e6 4. Nc3 exd5 5. cxd5 d6 6. e4 g6 7. Nf3 Bg7 8. h3
O-O 9. Bd3 b5 10. O-O a6 11. Re1 Nbd7 12. Bg5 Re8 13. Qd2 Bb7 14. Rac1 Qb6 15.
Nh2 Ne5 16. Bf1 Rac8 17. f4 Ned7 18. Qc2 Nh5 19. Nf3 h6 20. g4 Ng3 21. Bh4 c4+
22. Kg2 Nxf1 23. Bf2 Qd8 24. Rxf1 Nc5 25. Ne1 Nxe4 26. Rd1 Nxf2 27. Qxf2 b4 28.
Nb1 Qa5 29. Kg3 Bxd5 30. Ng2 Bxg2 31. Kxg2 Qxa2 32. Rd2 d5 33. Rc2 Qa4 34. Rfc1
Qc6 35. Kh2 b3 36. Rd2 Qd6 37. Na3 Re4 38. Rf1 c3 39. bxc3 Rxf4 40. Qg3 Be5 0-1

[Event "NAYCC U14 w"]
[Site "Windsor CAN"]
[Date "2016.08.10"]
[Round "6.50"]
[White "Morris-Suzuki, Sophie"]
[Black "Chin, Angelica"]
[Result "0-1"]
[WhiteElo "1787"]
[BlackElo "1970"]
[PlyCount "100"]
[EventDate "2016.08.07"]
[EventType "swiss"]
[EventRounds "9"]
[EventCountry "CAN"]

1. e4 c5 2. Nc3 Nc6 3. f4 g6 4. Nf3 Bg7 5. Bc4 e6 6. O-O Nge7 7. Qe1 O-O 8. d3
d5 9. Bb3 b6 10. f5 dxe4 11. dxe4 exf5 12. Qh4 Nd4 13. Bg5 Nxf3+ 14. Rxf3 Qd4+
15. Kh1 fxe4 16. Rxf7 Rxf7 17. Bxf7+ Kxf7 18. Bxe7 Qe5 19. Bg5 Bf5 20. Bf4 Qe7
21. Bg5 Qe6 22. Ne2 Kg8 23. Nf4 Qd7 24. c3 Re8 25. Ne2 e3 26. Qe1 Bg4 27. b3
Qd3 28. Ng3 Qxc3 29. Rc1 Qxe1+ 30. Rxe1 e2 31. Bd2 Bd4 32. h3 Bf2 33. hxg4 Bxg3
34. Kg1 Bxe1 35. Bxe1 Kf7 36. Kf2 Kf6 37. Kf3 h5 38. gxh5 gxh5 39. g4 hxg4+ 40.
Kxg4 Ke5 41. Kf3 Kd4 42. a3 Kd3 43. Kg2 Kc2 44. b4 cxb4 45. axb4 Kd1 46. Kf2
Rf8+ 47. Kg1 Kxe1 48. Kg2 Kd2 49. b5 e1=Q 50. Kh2 Rg8 0-1

[Event "NAYCC U14 w"]
[Site "Windsor CAN"]
[Date "2016.08.10"]
[Round "6.51"]
[White "Li, Marissa"]
[Black "Zhou, Annika"]
[Result "1-0"]
[WhiteElo "1802"]
[BlackElo "1443"]
[PlyCount "133"]
[EventDate "2016.08.07"]
[EventType "swiss"]
[EventRounds "9"]
[EventCountry "CAN"]

1. d4 Nf6 2. c4 Nc6 3. Nf3 e6 4. Nc3 Bb4 5. e3 O-O 6. Bd3 Ne7 7. O-O d5 8. Qc2
b6 9. cxd5 exd5 10. Bd2 Ng6 11. Nb5 Bd6 12. Rfc1 Bg4 13. Ne1 Re8 14. f3 Bd7 15.
e4 dxe4 16. fxe4 Bxb5 17. Bxb5 Rxe4 18. Bc6 Rxd4 19. Nf3 Rxd2 20. Qxd2 Bf4 21.
Qxd8+ Rxd8 22. Rd1 Bd6 23. Rd2 Bc5+ 24. Kf1 Rxd2 25. Nxd2 Ng4 26. h3 Ne3+ 27.
Ke2 Nf4+ 28. Kf3 Nd3 29. Bb5 Ne5+ 30. Kg3 f6 31. Nb3 Bd6 32. Kf2 N3c4 33. Ke2
c6 34. Bxc4+ Nxc4 35. Rc1 Ne5 36. Nd4 Bc5 37. Nf3 Nxf3 38. Kxf3 Kf7 39. b4 Bxb4
40. Rxc6 Kg6 41. Ke4 Bc5 42. Kd5 Be3 43. Kc4 a5 44. Kb5 Kf5 45. a4 Ke5 46. Rc7
g5 47. Rxh7 Bc5 48. Rh8 Kf4 49. g4 Kg3 50. Kc4 Bb4 51. Kd5 Bc5 52. Ke4 Bb4 53.
Rh7 Ba3 54. Kf5 Bb2 55. Rh8 Bd4 56. Rd8 Bb2 57. Rd3+ Kh4 58. Rb3 Bd4 59. Ke4
Bf2 60. Kf3 Bg3 61. Kg2 Bc7 62. Rc3 Be5 63. Rc6 Bd4 64. Rd6 Be5 65. Rxb6 Bc3
66. Rb7 f5 67. Rh7# 1-0

[Event "NAYCC U14 w"]
[Site "Windsor CAN"]
[Date "2016.08.10"]
[Round "6.52"]
[White "Kao, Camille"]
[Black "Zhou, Lily"]
[Result "1-0"]
[WhiteElo "1765"]
[BlackElo "1595"]
[Annotator ",Microsoft"]
[PlyCount "105"]
[EventDate "2016.08.07"]
[EventType "swiss"]
[EventRounds "9"]
[EventCountry "CAN"]

1. e4 c5 2. c3 d5 3. exd5 Qxd5 4. d4 Nf6 5. Nf3 Bg4 6. Be2 e6 7. O-O Be7 8. h3
Bh5 9. Be3 cxd4 10. cxd4 Nc6 11. Nc3 Qd7 12. Qb3 Bxf3 13. Bxf3 O-O 14. Rfd1 Na5
15. Qc2 Rac8 16. Qe2 Nd5 17. Nxd5 exd5 18. Bf4 Rfd8 19. Rac1 Rxc1 20. Rxc1 Nc6
21. Qd3 Bf6 22. Be3 Qe7 23. Rc5 Qe6 24. a3 b6 25. Rc1 Qd6 26. Qc3 Na5 27. g3 g5
28. Be2 Nc4 29. Bxc4 Rc8 30. Qb3 dxc4 31. Rxc4 Rd8 32. Qc2 Qe6 33. Rc6 Qe7 34.
Rc8 Qd7 35. Rxd8+ Qxd8 36. Qe4 h6 37. b3 Qd6 38. a4 Qb4 39. Qd5 Qe7 40. Qc6 Kg7
41. d5 Be5 42. Kg2 Qb4 43. Qc4 Qe7 44. Bd4 f6 45. Bxe5 Qxe5 46. Qd3 Qd6 47. Qf5
Qe7 48. Kf3 Qb4 49. Qd3 Qd6 50. Qe4 Qa3 51. Qc4 h5 52. Kg2 Kg6 53. Qc2+ {
Time/temps} 1-0

[Event "NAYCC U14 w"]
[Site "Windsor CAN"]
[Date "2016.08.10"]
[Round "6.53"]
[White "Ravishankar, Ramitha"]
[Black "Yen, Sarah"]
[Result "1-0"]
[WhiteElo "1558"]
[BlackElo "1802"]
[PlyCount "59"]
[EventDate "2016.08.07"]
[EventType "swiss"]
[EventRounds "9"]
[EventCountry "CAN"]

1. e4 e6 2. d4 d5 3. Nc3 Nf6 4. Bg5 Bb4 5. e5 h6 6. Bd2 Nfd7 7. Qg4 Bxc3 8.
bxc3 Kf8 9. f4 g6 10. Bd3 c5 11. Nf3 Kg7 12. Nh4 Nf8 13. O-O c4 14. Be2 Nc6 15.
Qh3 Ne7 16. g4 Bd7 17. Qg3 Rh7 18. f5 exf5 19. gxf5 Kh8 20. fxg6 Nexg6 21. Nf5
Bxf5 22. Rxf5 Ne7 23. Rh5 Rg7 24. Bg4 Nh7 25. Bxh6 Rg6 26. Kh1 Qb6 27. Qh4 Rag8
28. Bg5 R6g7 29. Bf6 Qb2 30. Rxh7# 1-0

[Event "NAYCC U14 w"]
[Site "Windsor CAN"]
[Date "2016.08.10"]
[Round "6.54"]
[White "Guo, Ingrid"]
[Black "Ge, Jade"]
[Result "1-0"]
[WhiteElo "1473"]
[BlackElo "1520"]
[PlyCount "115"]
[EventDate "2016.08.07"]
[EventType "swiss"]
[EventRounds "9"]
[EventCountry "CAN"]

1. e4 c5 2. Nf3 Nc6 3. d4 cxd4 4. Nxd4 g6 5. Be3 Nf6 6. Nc3 Bg7 7. Be2 d6 8.
O-O O-O 9. Nb3 e6 10. Bf3 b6 11. e5 Nd5 12. Nxd5 exd5 13. Bxd5 Bb7 14. exd6
Bxb2 15. Rb1 Be5 16. Bh6 Bg7 17. Bxg7 Kxg7 18. Bf3 Qd7 19. Nd4 Rad8 20. Nb5 a6
21. Nc3 Qxd6 22. Qxd6 Rxd6 23. Rxb6 Rb8 24. Rfb1 Rc8 25. Ne4 Re6 26. Rxb7 Nd4
27. Bg4 Nf5 28. Bxf5 gxf5 29. Ng5 Rf6 30. R1b2 Rd8 31. h3 Kg6 32. Nf3 Rd5 33.
R7b6 Rdd6 34. Rxd6 Rxd6 35. Kf1 Rd1+ 36. Ke2 Rd6 37. c4 f6 38. c5 Rc6 39. Rc2
Kf7 40. Nd4 Rc8 41. Nxf5 Rd8 42. Kf1 Kg6 43. Nd6 Rd7 44. c6 Rc7 45. Ne8 Rc8 46.
c7 Rxc7 47. Nxc7 a5 48. a4 h6 49. Rc5 f5 50. Rxa5 h5 51. Rd5 h4 52. a5 Kf6 53.
a6 Kg5 54. a7 Kf4 55. a8=Q Kg5 56. Qg8+ Kf4 57. Qg3+ Ke4 58. Qf3# 1-0

[Event "NAYCC U14 w"]
[Site "Windsor CAN"]
[Date "2016.08.10"]
[Round "6.55"]
[White "Tao, Ellen"]
[Black "Li, Jewel"]
[Result "1-0"]
[WhiteElo "1418"]
[BlackElo "980"]
[PlyCount "63"]
[EventDate "2016.08.07"]
[EventType "swiss"]
[EventRounds "9"]
[EventCountry "CAN"]

1. e4 e5 2. Nf3 Nc6 3. Bc4 Bc5 4. c3 Nf6 5. d3 O-O 6. O-O d5 7. exd5 Nxd5 8.
Re1 Re8 9. b4 Bb6 10. Bxd5 Nxb4 11. Bc4 Nc6 12. Be3 a6 13. Bxb6 cxb6 14. Nbd2
b5 15. Bb3 Qxd3 16. Ne4 Qxd1 17. Raxd1 Bg4 18. h3 Bxf3 19. gxf3 Kf8 20. Ng5 h6
21. Nxf7 Re7 22. Nd6 Rd8 23. Ne4 Rb8 24. Nc5 Rc8 25. Rd5 Rcc7 26. Nd3 Rf7 27.
Nxe5 Rf5 28. Nd7+ Rxd7 29. Rxf5+ Rf7 30. Rxf7+ Kg8 31. Re8+ Kh7 32. Bc2# 1-0

[Event "NAYCC U14 w"]
[Site "Windsor CAN"]
[Date "2016.08.10"]
[Round "6.56"]
[White "Zhang, Jeannie"]
[Black "John, Namitha"]
[Result "1-0"]
[WhiteElo "1459"]
[BlackElo "1091"]
[PlyCount "41"]
[EventDate "2016.08.07"]
[EventType "swiss"]
[EventRounds "9"]
[EventCountry "CAN"]

1. e4 e5 2. Nf3 Nc6 3. Bc4 Bc5 4. c3 d6 5. d3 Bg4 6. h3 Bh5 7. Nbd2 Nf6 8. Bb3
Qe7 9. Nf1 h6 10. Ng3 Bg6 11. Bc2 O-O-O 12. b4 Bb6 13. a4 a6 14. a5 Ba7 15. Ba4
b5 16. axb6 Bxb6 17. Bxc6 d5 18. Rxa6 Nd7 19. Ra8+ Nb8 20. Qa4 f6 21. Qa6# 1-0

[Event "NAYCC U14 w"]
[Site "Windsor CAN"]
[Date "2016.08.10"]
[Round "7.49"]
[White "Konovalenko, Sasha"]
[Black "Chin, Angelica"]
[Result "0-1"]
[WhiteElo "1775"]
[BlackElo "1970"]
[PlyCount "96"]
[EventDate "2016.08.07"]
[EventType "swiss"]
[EventRounds "9"]
[EventCountry "CAN"]

1. e4 c5 2. Nf3 Nc6 3. d4 cxd4 4. Nxd4 g6 5. c4 Bg7 6. Be3 Nf6 7. Nc3 d6 8. Be2
O-O 9. O-O Bd7 10. Qd2 Nxd4 11. Bxd4 a5 12. b3 Bc6 13. f3 Nd7 14. Be3 Nc5 15.
Rab1 Qc7 16. Rfc1 Rfc8 17. Bf1 Qd8 18. Rc2 Ne6 19. a3 Nc5 20. b4 axb4 21. axb4
Na4 22. Bd4 Bxd4+ 23. Qxd4 Nxc3 24. Rxc3 Ra4 25. f4 Rca8 26. f5 Ra3 27. Rbb3
Rxb3 28. Rxb3 Bd7 29. h4 Qf8 30. fxg6 hxg6 31. h5 Qg7 32. Qxg7+ Kxg7 33. hxg6
Kxg6 34. Kf2 Ra2+ 35. Ke3 f5 36. g3 fxe4 37. Kxe4 Kg5 38. b5 Kg4 39. Re3 Bf5+
40. Kd4 e5+ 41. Kc3 Ra3+ 42. Kd2 Rxe3 43. Kxe3 Kxg3 44. Be2 b6 45. Bf3 Be6 46.
Be2 Bf7 47. Ke4 Kf2 48. Bd3 Bg6+ 0-1

[Event "NAYCC U14 w"]
[Site "Windsor CAN"]
[Date "2016.08.10"]
[Round "7.50"]
[White "Kao, Camille"]
[Black "Li, Marissa"]
[Result "1-0"]
[WhiteElo "1765"]
[BlackElo "1802"]
[PlyCount "107"]
[EventDate "2016.08.07"]
[EventType "swiss"]
[EventRounds "9"]
[EventCountry "CAN"]

1. e4 c5 2. c3 d5 3. exd5 Qxd5 4. d4 Nf6 5. Nf3 Bg4 6. Be2 e6 7. O-O Nc6 8. h3
Bh5 9. Be3 cxd4 10. cxd4 Bb4 11. Nc3 Qd6 12. a3 Ba5 13. Qb3 O-O 14. Rfd1 Rfd8
15. Rac1 Rac8 16. Qxb7 Rb8 17. Qa6 Rb6 18. Qc4 Bxc3 19. Qxc3 Nd5 20. Qd2 Rb3
21. Bc4 Rb6 22. b4 Bxf3 23. gxf3 Nce7 24. Bxd5 Nxd5 25. Rc5 Qe7 26. Rdc1 Rbd6
27. R5c4 h6 28. Bf4 R6d7 29. Bg3 Qf6 30. Qe2 Nb6 31. Rc7 Qxd4 32. Rxd7 Rxd7 33.
Be5 Qd3 34. Qxd3 Rxd3 35. Rc3 Rxc3 36. Bxc3 g6 37. Bd4 Kf8 38. Bxb6 axb6 39. a4
Ke7 40. Kf1 Kd6 41. Ke2 Kd5 42. Kd3 f6 43. a5 Kc6 44. axb6 Kxb6 45. Kc4 h5 46.
b5 h4 47. f4 g5 48. fxg5 fxg5 49. f3 e5 50. Kd5 Kxb5 51. Kxe5 Kc5 52. Kf5 Kd5
53. Kxg5 Ke5 54. Kg4 1-0

[Event "NAYCC U14 w"]
[Site "Windsor CAN"]
[Date "2016.08.10"]
[Round "7.51"]
[White "Morris-Suzuki, Sophie"]
[Black "Tao, Ellen"]
[Result "1-0"]
[WhiteElo "1787"]
[BlackElo "1418"]
[PlyCount "137"]
[EventDate "2016.08.07"]
[EventType "swiss"]
[EventRounds "9"]
[EventCountry "CAN"]

1. e4 c5 2. Nf3 Nc6 3. d4 cxd4 4. Nxd4 Qb6 5. Nb3 Nf6 6. Nc3 e6 7. Be3 Qc7 8.
Bd3 Bb4 9. O-O O-O 10. f4 Bxc3 11. bxc3 d5 12. e5 Ne4 13. Bxe4 dxe4 14. Nd2 f5
15. exf6 Rxf6 16. Nxe4 Rg6 17. Kh1 b6 18. Ng3 Ne7 19. f5 Nxf5 20. Nxf5 Rf6 21.
Bf4 Qd7 22. Qxd7 Bxd7 23. Ne3 Rc8 24. Ng4 Rff8 25. Bd6 Rfe8 26. Ne5 Ba4 27. c4
Bxc2 28. Rf2 Ba4 29. Raf1 Rcd8 30. Ba3 h6 31. Rf7 a6 32. Bb2 Rf8 33. Rxf8+ Rxf8
34. Rxf8+ Kxf8 35. Ba3+ Ke8 36. Kg1 Bc2 37. Bb2 g5 38. Kf2 Be4 39. g3 Ke7 40.
Ke3 Bb7 41. Ng4 h5 42. Ne5 Ba8 43. Nf3 Bxf3 44. Kxf3 Kd6 45. Bd4 b5 46. cxb5
axb5 47. Be3 g4+ 48. Kf4 Kd5 49. Kg5 Ke4 50. Ba7 Kf3 51. Kxh5 e5 52. Kg5 e4 53.
a3 e3 54. Bxe3 Kxe3 55. Kxg4 Kd4 56. h4 Kc3 57. h5 Kb3 58. h6 Kxa3 59. h7 b4
60. h8=Q Ka2 61. Qa8+ Kb2 62. Kf5 b3 63. g4 Kc2 64. Qg2+ Kc3 65. g5 b2 66. Qg1
Kc2 67. g6 b1=Q 68. Qxb1+ Kxb1 69. g7 1-0

[Event "NAYCC U14 w"]
[Site "Windsor CAN"]
[Date "2016.08.10"]
[Round "7.52"]
[White "Zhou, Lily"]
[Black "Friedman, Gloria"]
[Result "0-1"]
[WhiteElo "1595"]
[BlackElo "1725"]
[PlyCount "126"]
[EventDate "2016.08.07"]
[EventType "swiss"]
[EventRounds "9"]
[EventCountry "CAN"]

1. d4 d5 2. c4 e6 3. Nf3 Nf6 4. e3 c5 5. b3 Bd6 6. Bb2 O-O 7. Bd3 b6 8. O-O Bb7
9. Qe2 Nbd7 10. Ne5 Qe7 11. Nd2 Ne4 12. Nxd7 Qxd7 13. Nxe4 dxe4 14. Bc2 f5 15.
Rad1 Qc7 16. h3 Rae8 17. Qd2 Rd8 18. Qe2 Rfe8 19. dxc5 Bxc5 20. Rxd8 Rxd8 21.
Rd1 Rxd1+ 22. Qxd1 e5 23. Qd2 f4 24. Qc3 Bd6 25. b4 Qe7 26. Qb3 Kh8 27. Qa4 Ba8
28. a3 h5 29. Qa6 Kh7 30. exf4 exf4 31. f3 Kh6 32. Qc8 Bb7 33. Qh8+ Kg6 34.
Bxe4+ Bxe4 35. fxe4 a5 36. Qc8 Qxe4 37. Qd8 Qe1+ 38. Kh2 Qg3+ 39. Kg1 f3 40.
Qe8+ Kh7 41. Qxh5+ Kg8 42. Qxf3 Qe1+ 43. Qf1 Bh2+ 44. Kxh2 Qxf1 45. bxa5 bxa5
46. c5 Qc4 47. Be5 Qxc5 48. Bb2 Kf7 49. h4 Qc4 50. Kh3 Qb3+ 51. g3 Qxb2 52. Kg4
Kf6 53. h5 Qe5 54. Kh4 Qg5+ 55. Kh3 Qxh5+ 56. Kg2 Kf5 57. a4 Kg4 58. Kf2 Qe5
59. Kg1 Qxg3+ 60. Kh1 Qf3+ 61. Kh2 Qe2+ 62. Kg1 Kg3 63. Kh1 Qg2# 0-1

[Event "NAYCC U14 w"]
[Site "Windsor CAN"]
[Date "2016.08.10"]
[Round "7.53"]
[White "Li, Jewel"]
[Black "Ravishankar, Ramitha"]
[Result "0-1"]
[WhiteElo "980"]
[BlackElo "1558"]
[PlyCount "56"]
[EventDate "2016.08.07"]
[EventType "swiss"]
[EventRounds "9"]
[EventCountry "CAN"]

1. e4 e6 2. d4 d5 3. e5 c5 4. c3 Bd7 5. Nf3 Qb6 6. b3 Nc6 7. Be3 cxd4 8. cxd4
Bb4+ 9. Nfd2 Nge7 10. a3 Bxd2+ 11. Nxd2 Nxd4 12. Be2 Nef5 13. Bf4 Nxe2 14. Qxe2
Qd4 15. O-O Qxf4 16. Nf3 O-O 17. Qd3 Nh4 18. Nxh4 Qxh4 19. f4 f5 20. Rac1 Rac8
21. a4 Rxc1 22. Rxc1 Qxf4 23. Qe2 Qxc1+ 24. Kf2 Rc8 25. Kg3 Rc3+ 26. Qf3 Qe1+
27. Kh3 g5 28. Qxc3 g4# 0-1

[Event "NAYCC U14 w"]
[Site "Windsor CAN"]
[Date "2016.08.10"]
[Round "7.54"]
[White "Zhou, Annika"]
[Black "Guo, Ingrid"]
[Result "1/2-1/2"]
[WhiteElo "1443"]
[BlackElo "1473"]
[PlyCount "55"]
[EventDate "2016.08.07"]
[EventType "swiss"]
[EventRounds "9"]
[EventCountry "CAN"]

1. d4 Nf6 2. Bf4 e6 3. e3 d5 4. Nd2 Be7 5. h3 c5 6. c3 Nc6 7. Ngf3 Bd7 8. Bd3
O-O 9. O-O c4 10. Bc2 b5 11. e4 Bc8 12. Ne5 Bb7 13. Nxc6 Bxc6 14. e5 Ne4 15.
Nxe4 dxe4 16. Qe2 Rb8 17. Bxe4 Bxe4 18. Qxe4 b4 19. Qe2 Qd5 20. Rfd1 Rb6 21.
cxb4 Rxb4 22. Rac1 Rfb8 23. Rc2 Qb5 24. Bc1 h6 25. Qg4 Kh7 26. Qe4+ Kh8 27. Qf3
Kg8 28. Qg4 1/2-1/2

[Event "NAYCC U14 w"]
[Site "Windsor CAN"]
[Date "2016.08.10"]
[Round "7.55"]
[White "Yen, Sarah"]
[Black "Zhang, Jeannie"]
[Result "1-0"]
[WhiteElo "1802"]
[BlackElo "1459"]
[PlyCount "65"]
[EventDate "2016.08.07"]
[EventType "swiss"]
[EventRounds "9"]
[EventCountry "CAN"]

1. e4 c5 2. Nf3 Nc6 3. c3 g6 4. Bc4 Bg7 5. O-O d6 6. Re1 Nf6 7. h3 O-O 8. d4
cxd4 9. Nxd4 a6 10. Bg5 Qc7 11. Bb3 b5 12. Nxc6 Qxc6 13. Bd5 Nxd5 14. exd5 Qb6
15. Rxe7 Bb7 16. Be3 Qd8 17. Rxb7 Re8 18. Qf3 Rf8 19. Nd2 Rb8 20. Rxb8 Qxb8 21.
Nb3 Re8 22. Bd4 Qc7 23. Bxg7 Kxg7 24. Qd3 Kg8 25. Nd4 Qd7 26. Nc6 Qb7 27. b4
Qd7 28. a4 Qb7 29. axb5 axb5 30. Ra7 Qb6 31. Qf3 f5 32. Qf4 Rf8 33. Qh6 1-0

[Event "NAYCC U14 w"]
[Site "Windsor CAN"]
[Date "2016.08.10"]
[Round "7.56"]
[White "John, Namitha"]
[Black "Ge, Jade"]
[Result "1-0"]
[WhiteElo "1091"]
[BlackElo "1520"]
[PlyCount "67"]
[EventDate "2016.08.07"]
[EventType "swiss"]
[EventRounds "9"]
[EventCountry "CAN"]

1. e4 c5 2. d4 cxd4 3. c3 dxc3 4. Nxc3 e5 5. Nf3 Nc6 6. Bc4 h6 7. O-O Nf6 8.
Qe2 d6 9. Rd1 a6 10. a3 Bg4 11. h3 Nd4 12. Qd3 Nxf3+ 13. gxf3 Bxh3 14. f4 Be6
15. Bxe6 fxe6 16. fxe5 dxe5 17. Qf3 Qc7 18. Be3 Be7 19. Rac1 Qb8 20. Qg3 Kf8
21. Qf3 Kg8 22. Qh3 Kf7 23. Qf3 Rf8 24. Ne2 Kg8 25. Qh3 Kf7 26. Qf3 Qe8 27. Rc7
Kg8 28. Qg3 Qh5 29. Rxe7 Rf7 30. Rxf7 Kxf7 31. Nc3 Nxe4 32. Rd7+ Ke8 33. Qxg7
Qh4 34. Nxe4 1-0

[Event "NAYCC U14 w"]
[Site "Windsor CAN"]
[Date "2016.08.11"]
[Round "8.49"]
[White "Konovalenko, Sasha"]
[Black "Morris-Suzuki, Sophie"]
[Result "1-0"]
[WhiteElo "1775"]
[BlackElo "1787"]
[PlyCount "141"]
[EventDate "2016.08.07"]
[EventType "swiss"]
[EventRounds "9"]
[EventCountry "CAN"]

1. e4 c5 2. Nf3 Nc6 3. d4 cxd4 4. Nxd4 g6 5. c4 Bg7 6. Be3 Nf6 7. Nc3 O-O 8.
Be2 d6 9. O-O Nxd4 10. Bxd4 Bd7 11. Rc1 Bc6 12. Qd3 a5 13. b3 Nd7 14. Bxg7 Kxg7
15. Qd4+ Kg8 16. Rfd1 Qc7 17. Bg4 Rad8 18. Bxd7 Qxd7 19. Nd5 Qe6 20. Rc3 f6 21.
f4 Qf7 22. f5 e6 23. fxe6 Qxe6 24. Rf3 Kg7 25. Rdf1 Bxd5 26. exd5 Qe5 27. Qb6
Rde8 28. Qxb7+ Re7 29. Qb6 Qb2 30. R3f2 Qa3 31. Qd4 Re5 32. h3 Rf7 33. Kh2 g5
34. h4 Qc5 35. Qxc5 dxc5 36. hxg5 Rxg5 37. Rf5 Rg6 38. d6 Rd7 39. Rd1 Rg5 40.
Rxg5+ fxg5 41. Rd5 Kf6 42. Kg3 h6 43. Kg4 Kg6 44. Rxc5 Rxd6 45. Rxa5 h5+ 46.
Kf3 Rf6+ 47. Kg3 h4+ 48. Kh3 Rf1 49. Ra6+ Kf5 50. Ra5+ Kg6 51. Ra6+ Kf5 52. g4+
Ke4 53. Re6+ Kd4 54. Re2 Rf3+ 55. Kh2 Rf4 56. Rg2 Re4 57. Rd2+ Ke3 58. Rg2 Kd4
59. Kg1 Rf4 60. Rf2 Rxg4+ 61. Rg2 Rxg2+ 62. Kxg2 g4 63. a4 g3 64. a5 Ke3 65. a6
h3+ 66. Kxg3 h2 67. Kxh2 Kd3 68. a7 Kc3 69. a8=Q Kxb3 70. Kg3 Kxc4 71. Kf4 1-0

[Event "NAYCC U14 w"]
[Site "Windsor CAN"]
[Date "2016.08.11"]
[Round "8.50"]
[White "Chin, Angelica"]
[Black "Friedman, Gloria"]
[Result "1/2-1/2"]
[WhiteElo "1970"]
[BlackElo "1725"]
[PlyCount "118"]
[EventDate "2016.08.07"]
[EventType "swiss"]
[EventRounds "9"]
[EventCountry "CAN"]

1. e4 c5 2. Nf3 Nc6 3. d4 cxd4 4. Nxd4 e6 5. Nc3 Qc7 6. Be3 a6 7. Be2 Nf6 8.
O-O Bb4 9. f3 O-O 10. a3 Bxc3 11. bxc3 d5 12. Nxc6 bxc6 13. exd5 cxd5 14. Qd4
Bd7 15. Bf4 Qc6 16. Rfb1 Rfc8 17. Be5 Qc5 18. Rb6 a5 19. Qxc5 Rxc5 20. Rab1 Ne8
21. Rb8 Rxb8 22. Rxb8 f6 23. Bd4 Rc8 24. Rxc8 Bxc8 25. Bb6 a4 26. Bb5 Nd6 27.
Bxa4 Nc4 28. Bc5 Kf7 29. Bb5 e5 30. Kf2 Bf5 31. Ba4 Bc8 32. Bb3 Ba6 33. Ba4 Ke6
34. Bc6 f5 35. g4 fxg4 36. fxg4 e4 37. a4 Ne5 38. Bb5 Nxg4+ 39. Kg3 Bxb5 40.
axb5 Nf6 41. Kf4 g6 42. b6 Kd7 43. Bd4 Ng8 44. c4 dxc4 45. Kxe4 Ne7 46. Bc5 Nc6
47. Kd5 Na5 48. Bb4 Nb7 49. Kxc4 Kc6 50. Kd4 Kxb6 51. Ke5 Nd8 52. Kf6 Nc6 53.
c3 Kb5 54. h4 Kc4 55. Kg7 Ne5 56. Kxh7 Nf3 57. Kxg6 Nxh4+ 58. Kg5 Nf3+ 59. Kf4
Nd2 1/2-1/2

[Event "NAYCC U14 w"]
[Site "Windsor CAN"]
[Date "2016.08.11"]
[Round "8.51"]
[White "Ravishankar, Ramitha"]
[Black "Kao, Camille"]
[Result "0-1"]
[WhiteElo "1558"]
[BlackElo "1765"]
[PlyCount "70"]
[EventDate "2016.08.07"]
[EventType "swiss"]
[EventRounds "9"]
[EventCountry "CAN"]

1. e4 e6 2. d4 d5 3. Nc3 dxe4 4. Nxe4 Nd7 5. Nf3 Ngf6 6. Nxf6+ Nxf6 7. Bd3 c5
8. dxc5 Bxc5 9. O-O O-O 10. Qe2 Qc7 11. Bg5 Be7 12. Rad1 Nd5 13. Qe4 f5 14. Qh4
Bxg5 15. Nxg5 h6 16. Nf3 Nf4 17. c3 e5 18. Bc2 b6 19. Nd2 Bb7 20. f3 Rf6 21.
Rfe1 Rg6 22. Kh1 Nxg2 23. Qh3 Nxe1 24. Rxe1 e4 25. Rg1 Rxg1+ 26. Kxg1 Qc5+ 27.
Kh1 e3 28. Nb3 e2 29. Nxc5 e1=Q+ 30. Kg2 Qd2+ 31. Kg1 Re8 32. Nd3 Qxc2 33. f4
Re2 34. Qg3 Rg2+ 35. Kf1 Qe2# 0-1

[Event "NAYCC U14 w"]
[Site "Windsor CAN"]
[Date "2016.08.11"]
[Round "8.52"]
[White "Li, Marissa"]
[Black "Yen, Sarah"]
[Result "1-0"]
[WhiteElo "1802"]
[BlackElo "1802"]
[PlyCount "100"]
[EventDate "2016.08.07"]
[EventType "swiss"]
[EventRounds "9"]
[EventCountry "CAN"]

1. d4 e6 2. c4 Nf6 3. Nc3 Bb4 4. e3 O-O 5. Bd3 d5 6. Nf3 c5 7. O-O cxd4 8. exd4
dxc4 9. Bxc4 Nc6 10. a3 Ba5 11. b4 Bc7 12. Bb2 Ne7 13. Qc2 Bf4 14. Ne2 Bh6 15.
Rfd1 Ned5 16. Bc1 Bxc1 17. Raxc1 b6 18. Ne5 Bb7 19. Bb5 Rc8 20. Qa4 Rxc1 21.
Rxc1 Qa8 22. Ba6 Rc8 23. Rxc8+ Qxc8 24. Bxb7 Qxb7 25. b5 Ne7 26. Qc4 h6 27. h3
Ne4 28. a4 Nd6 29. Qc2 a6 30. Nc3 axb5 31. axb5 Qc7 32. Qd3 f6 33. Ng4 Qd7 34.
Ne3 Nec8 35. d5 e5 36. Ng4 Qf7 37. Qe3 Na7 38. Qd3 Qe8 39. Na4 Nac8 40. Nc3 Kh8
41. Ne3 Na7 42. Nc4 Naxb5 43. Nxb6 Nxc3 44. Qxc3 Kg8 45. Qc6 Qe7 46. Nc8 Nxc8
47. Qxc8+ Kf7 48. Qc6 Qe8 49. Qc7+ Kf8 50. d6 Qf7 1-0

[Event "NAYCC U14 w"]
[Site "Windsor CAN"]
[Date "2016.08.11"]
[Round "8.53"]
[White "Tao, Ellen"]
[Black "Guo, Ingrid"]
[Result "0-1"]
[WhiteElo "1418"]
[BlackElo "1473"]
[PlyCount "106"]
[EventDate "2016.08.07"]
[EventType "swiss"]
[EventRounds "9"]
[EventCountry "CAN"]

1. e4 c5 2. Nf3 d6 3. d4 cxd4 4. Qxd4 Nc6 5. Bb5 e5 6. Qd3 Nf6 7. c4 Bg4 8. Nc3
Be7 9. O-O O-O 10. Bxc6 bxc6 11. b3 Qc7 12. Bb2 Rfd8 13. Qe3 Rd7 14. h3 Bh5 15.
g4 Bg6 16. Rac1 Rad8 17. Rfe1 Qb6 18. Qxb6 axb6 19. Re2 h5 20. Nh2 Nh7 21. Nf3
Nf6 22. Nh2 Ra7 23. f3 Nh7 24. Nf1 Ng5 25. Kg2 Ne6 26. Kh2 Nd4 27. Rf2 Bh4 28.
Ng3 Bg5 29. Ra1 Bf4 30. Kg2 h4 31. Nge2 Be3 32. Rff1 Nc2 33. Rab1 Bg5 34. Kh1
Ne3 35. Rfe1 d5 36. cxd5 cxd5 37. Nd1 Nc2 38. Rf1 dxe4 39. f4 exf4 40. Nxf4
Bxf4 41. Rxf4 e3 42. Nc3 Re7 43. Rbf1 e2 44. Nxe2 Rxe2 45. Bc1 Rd3 46. R4f2
Rxf2 47. Rxf2 Rd1+ 48. Kg2 Rxc1 49. a4 Be4+ 50. Kh2 Nd4 51. Rf4 Nf3+ 52. Kg2
Ng5+ 53. Kh2 Rh1# 0-1

[Event "NAYCC U14 w"]
[Site "Windsor CAN"]
[Date "2016.08.11"]
[Round "8.54"]
[White "Zhang, Jeannie"]
[Black "Zhou, Annika"]
[Result "1/2-1/2"]
[WhiteElo "1459"]
[BlackElo "1443"]
[PlyCount "48"]
[EventDate "2016.08.07"]
[EventType "swiss"]
[EventRounds "9"]
[EventCountry "CAN"]

1. e4 c5 2. Nf3 d6 3. d4 Nf6 4. Nc3 cxd4 5. Nxd4 Nc6 6. Be3 e5 7. Nb3 Be7 8. f3
O-O 9. Qd2 a5 10. Bb5 Na7 11. Be2 Be6 12. Rd1 Nc8 13. O-O a4 14. Nc1 Nb6 15.
Kh1 Nc4 16. Bxc4 Bxc4 17. Rfe1 Be6 18. a3 Qa5 19. N1a2 Bxa2 20. Nxa2 Qxd2 21.
Rxd2 Rfc8 22. Nb4 Rc4 23. Red1 Rac8 24. c3 h6 1/2-1/2

[Event "NAYCC U14 w"]
[Site "Windsor CAN"]
[Date "2016.08.11"]
[Round "8.56"]
[White "John, Namitha"]
[Black "Li, Jewel"]
[Result "1/2-1/2"]
[WhiteElo "1091"]
[BlackElo "980"]
[PlyCount "72"]
[EventDate "2016.08.07"]
[EventType "swiss"]
[EventRounds "9"]
[EventCountry "CAN"]

1. e4 e5 2. Nf3 Nc6 3. Bc4 Bc5 4. d3 Nf6 5. Bg5 O-O 6. Nc3 h6 7. Bh4 d6 8. h3
Be6 9. Bb3 Nd4 10. Nxd4 Bxd4 11. Nd5 Bxd5 12. Bxd5 c6 13. c3 cxd5 14. cxd4 exd4
15. Rc1 dxe4 16. dxe4 Qa5+ 17. Kf1 Qb5+ 18. Kg1 g5 19. Qxd4 Nxe4 20. Qxe4 gxh4
21. Qxh4 Qxb2 22. Kh2 Rfd8 23. Rc7 d5 24. Re1 Qb6 25. Ree7 Qd6+ 26. g3 Rac8 27.
Rxb7 Rc4 28. Qh5 Qg6 29. Qf3 Rf8 30. Qxd5 Rc2 31. Qf3 Rxa2 32. h4 Ra5 33. g4
Ra4 34. Kh3 Rd4 35. h5 Qg7 36. Qf5 Rd6 1/2-1/2

[Event "NAYCC U14 w"]
[Site "Windsor CAN"]
[Date "2016.08.11"]
[Round "9.49"]
[White "Guo, Ingrid"]
[Black "Konovalenko, Sasha"]
[Result "1/2-1/2"]
[WhiteElo "1473"]
[BlackElo "1775"]
[PlyCount "66"]
[EventDate "2016.08.07"]
[EventType "swiss"]
[EventRounds "9"]
[EventCountry "CAN"]

1. e4 d5 2. exd5 Qxd5 3. Nc3 Qd6 4. d4 c6 5. Nf3 Bg4 6. Be2 Nd7 7. O-O Ngf6 8.
Be3 e6 9. Qd2 Qc7 10. Bf4 Bd6 11. Bxd6 Qxd6 12. Rad1 O-O 13. h3 Bh5 14. Nh4
Bxe2 15. Qxe2 Nb6 16. Nf3 Nbd5 17. Nxd5 exd5 18. Qd3 Rfe8 19. Rfe1 h6 20. c3
Ne4 21. Nd2 Nxd2 22. Qxd2 Rad8 23. Re3 Rxe3 24. Qxe3 Qd7 25. Re1 Kf8 26. Qf4 a6
27. a3 Re8 28. Rxe8+ Kxe8 29. Qb8+ Ke7 30. Qe5+ Kf8 31. Qb8+ Ke7 32. Qe5+ Kf8
33. Qb8+ Ke7 1/2-1/2